| 000 | 00661nam a22001697a 4500 | ||
|---|---|---|---|
| 999 |
_c20053 _d20053 |
||
| 008 | 240405b ||||| |||| 00| 0 eng d | ||
| 082 |
_aDFil 336.2599 _bJ28 1986 |
||
| 100 |
_aJarapa, Sison Q. _956203 |
||
| 245 |
_aTaxation agrarian reform and cooperatives / _cSison Q. Jarapa, Rafael B. Perez, and Tito S. Segarra. |
||
| 260 |
_aManila : _bRex Book Store, _c©1986. |
||
| 300 |
_axiii, 317 pages : _billustrations ; _c22 cm. |
||
| 500 | _aIncludes bibliography and appendices. | ||
| 650 |
_aTaxation _xLaw and legislation _zPhilippines. _956440 |
||
| 700 |
_aPerez, Rafael B. _eauthor. _956204 |
||
| 700 |
_aSegarra, Tito S. _eauthor. _956205 |
||
| 942 |
_2ddc _cDFIL |
||